[Event "Mittelrhein Verbandsliga Nord 1920"]
[Site "Mittelrhein"]
[Date "2019.10.27"]
[Round "2.6"]
[White "Debald, Heinrich"]
[Black "Kamphausen, Johannes Dieter"]
[Result "1-0"]
[WhiteElo "1988"]
[BlackElo "1708"]
[PlyCount "37"]
[EventDate "2019.09.29"]
[EventType "team-tourn"]
[EventRounds "9"]
[EventCountry "GER"]
[SourceTitle "EXT 2023"]
[Source "ChessBase"]
[SourceDate "2022.10.05"]
[SourceVersion "1"]
[SourceVersionDate "2022.10.05"]
[SourceQuality "1"]
[WhiteTeam "Bayer Leverkusen"]
[BlackTeam "Hitdorf SV Springer"]
[WhiteTeamCountry "GER"]
[BlackTeamCountry "GER"]

1. e4 c5 2. c3 d5 3. exd5 Qxd5 4. d4 Nf6 5. Nf3 e6 6. Be3 Nc6 7. Na3 cxd4 8. Nb5 Qd7 9. Nbxd4 Be7 10. Bd3 Nd5 11. 0-0 Nxe3 12. fxe3 0-0 13. Qc2 h6 14. Nxc6 Qxc6 15. Ne5 Qc7 16. Bh7+ Kh8 17. Nxf7+ Rxf7 18. Rxf7 e5 19. Qg6 1-0

[Event "Mittelrhein Verbandsliga-N 18/19"]
[Site "Nordrheinwestfalen"]
[Date "2018.09.02"]
[Round "1.6"]
[White "Kamphausen, Johannes Dieter"]
[Black "Hiby, Harald"]
[Result "1-0"]
[WhiteElo "1739"]
[BlackElo "1648"]
[PlyCount "71"]
[EventDate "2018.09.02"]
[EventType "team-tourn"]
[EventRounds "12"]
[EventCountry "GER"]
[SourceTitle "EXT 2022"]
[Source "ChessBase"]
[SourceDate "2021.10.06"]
[SourceVersion "1"]
[SourceVersionDate "2021.10.06"]
[SourceQuality "1"]
[WhiteTeam "Hitdorf SV Springer"]
[BlackTeam "Dormagen SV"]
[WhiteTeamCountry "GER"]
[BlackTeamCountry "GER"]

1. e4 e6 2. d4 d5 3. Nc3 Nf6 4. e5 Nfd7 5. f4 c5 6. Nf3 Nc6 7. Be3 cxd4 8. Nxd4 Bb4 9. Qd2 a6 10. Bd3 Qa5 11. Nde2 Nc5 12. 0-0 Nxd3 13. Qxd3 0-0 14. a3 Bc5 15. b4 Bxe3+ 16. Qxe3 Qc7 17. Na4 Ne7 18. Nd4 Bd7 19. Nc5 Nc6 20. c3 b6 21. Ncb3 Ne7 22. Rac1 Ba4 23. Nd2 b5 24. Rf3 Qd7 25. Rh3 Rac8 26. Qd3 g6 27. Qe3 f5 28. N4f3 Kg7 29. Ng5 h6 30. Ngf3 Rc7 31. Nd4 Nc8 32. Qg3 Rh8 33. N2f3 Rh7 34. Nh4 Qf7 35. Nxg6 Qxg6 36. Nxe6+ 1-0

[Event "Mittelrhein Verbandsliga-N 17/18"]
[Site "Nordrheinwestfalen"]
[Date "2018.03.18"]
[Round "9.5"]
[White "Kamphausen, Johannes Dieter"]
[Black "Udelhofen, Willi"]
[Result "0-1"]
[WhiteElo "1734"]
[BlackElo "1893"]
[PlyCount "66"]
[EventDate "2017.09.10"]
[EventType "team-swiss"]
[EventRounds "11"]
[EventCountry "GER"]
[SourceTitle "EXT 2022"]
[Source "ChessBase"]
[SourceDate "2021.10.06"]
[SourceVersion "1"]
[SourceVersionDate "2021.10.06"]
[SourceQuality "1"]
[WhiteTeam "Hitdorf SV Springer"]
[BlackTeam "Eikamp Freibauer"]
[WhiteTeamCountry "GER"]
[BlackTeamCountry "GER"]

1. e4 c5 2. Nf3 Nc6 3. d4 cxd4 4. Nxd4 e5 5. Nb5 d6 6. N1c3 a6 7. Na3 b5 8. Nd5 Be6 9. c3 Nge7 10. Nc2 Bxd5 11. exd5 Nb8 12. Ne3 g6 13. a4 bxa4 14. Qxa4+ Nd7 15. Bb5 Nc8 16. Bxd7+ Qxd7 17. Qxd7+ Kxd7 18. 0-0 f5 19. Nc2 Nb6 20. Rd1 Bg7 21. Nb4 a5 22. Nc6 a4 23. Nb4 Rhc8 24. Nc2 Rc5 25. Be3 Rb5 26. Bxb6 Rxb6 27. Nb4 e4 28. Ra3 Rxb4 29. cxb4 Bxb2 30. Rda1 Bxa3 31. Rxa3 Kc7 32. f3 exf3 33. gxf3 Kb6 0-1

[Event "Mittelrhein Verbandsliga-M 16/17"]
[Site "Nordrheinwestfalen"]
[Date "2017.01.08"]
[Round "6.7"]
[White "Weiland, Herbert"]
[Black "Kamphausen, Johannes Dieter"]
[Result "1-0"]
[WhiteElo "1631"]
[BlackElo "1728"]
[PlyCount "99"]
[EventDate "2016.09.11"]
[EventType "team-tourn"]
[EventRounds "11"]
[EventCountry "GER"]
[SourceTitle "EXT 2022"]
[Source "ChessBase"]
[SourceDate "2021.10.06"]
[SourceVersion "1"]
[SourceVersionDate "2021.10.06"]
[SourceQuality "1"]
[WhiteTeam "Rheinpark BSG"]
[BlackTeam "Hitdorf SV Springer"]
[WhiteTeamCountry "GER"]
[BlackTeamCountry "GER"]

1. d4 d5 2. c4 e6 3. Nc3 Nf6 4. Bg5 Be7 5. e3 0-0 6. Nf3 Nbd7 7. Rc1 b6 8. cxd5 exd5 9. Bd3 h6 10. Bh4 Bb7 11. 0-0 Rc8 12. Qe2 Ne4 13. Bxe7 Nxc3 14. Rxc3 Qxe7 15. Rfc1 c5 16. Ba6 Bxa6 17. Qxa6 Rc7 18. Qa3 Rfc8 19. dxc5 Rxc5 20. Qxa7 Rxc3 21. Rxc3 Rxc3 22. bxc3 Qe4 23. h3 Qb1+ 24. Kh2 Qf5 25. a4 g5 26. Qc7 Kg7 27. Nd4 Qe5+ 28. Qxe5+ Nxe5 29. Nf5+ Kf6 30. Nxh6 Ke6 31. Ng4 Nd3 32. Kg3 Nc5 33. f4 Nxa4 34. fxg5 Nxc3 35. Nf2 Ne4+ 36. Nxe4 dxe4 37. Kf2 Kf5 38. h4 Kg4 39. g3 b5 40. Ke2 b4 41. Kd2 b3 42. Kc3 Kf3 43. h5 Kxe3 44. h6 Kf3 45. h7 e3 46. h8Q e2 47. Kd2 f5 48. gxf6 e1Q+ 49. Kxe1 b2 50. Qb8 1-0

[Event "Leverkusen Bayer op 9th"]
[Site "Leverkusen"]
[Date "2011.01.24"]
[Round "2"]
[White "Kamphausen, Johannes Dieter"]
[Black "Jakobi, Reik"]
[Result "1-0"]
[WhiteElo "1791"]
[BlackElo "1663"]
[PlyCount "61"]
[EventDate "2011.01.10"]
[EventType "swiss"]
[EventRounds "7"]
[EventCountry "GER"]
[SourceTitle "EXT 2012"]
[Source "ChessBase"]
[SourceDate "2011.11.24"]
[SourceVersion "1"]
[SourceVersionDate "2011.11.24"]
[SourceQuality "1"]

1. e4 c5 2. Nc3 e6 3. g3 b6 4. Bg2 Bb7 5. Nge2 a6 6. 0-0 Qc7 7. d4 cxd4 8. Nxd4 Ne7 9. Ndb5 axb5 10. Nxb5 Qc6 11. Nd6+ Kd8 12. Nxf7+ Ke8 13. Nd6+ Kd8 14. Bg5 Kc7 15. Bf4 Ng6 16. Nxb7+ Nxf4 17. gxf4 Qxb7 18. e5 Nc6 19. a3 Ra4 20. b4 b5 21. Qd3 Qb6 22. Rfd1 Nb8 23. c4 bxc4 24. Qxc4+ Nc6 25. Qd3 Nb8 26. Qc2+ Bc5 27. Qxa4 Bxf2+ 28. Kh1 Nc6 29. Rac1 Rb8 30. Bxc6 dxc6 31. Rd6 1-0

[Event "Bergisch Gladbach-ch"]
[Site "Bergisch Gladbach"]
[Date "2006.10.06"]
[Round "7"]
[White "Stieg, Karsten"]
[Black "Kamphausen, Johannes Dieter"]
[Result "1/2-1/2"]
[WhiteElo "1332"]
[BlackElo "1808"]
[PlyCount "55"]
[EventDate "2006.08.25"]
[EventType "swiss"]
[EventRounds "7"]
[EventCountry "GER"]
[SourceTitle "EXT 2008"]
[Source "ChessBase"]
[SourceDate "2007.11.25"]
[SourceVersion "1"]
[SourceVersionDate "2007.11.25"]
[SourceQuality "1"]

1. d4 Nf6 2. c4 g6 3. Nc3 Bg7 4. e3 d6 5. Be2 0-0 6. Nf3 Nbd7 7. 0-0 c6 8. a3 e5 9. dxe5 dxe5 10. e4 Qe7 11. Bg5 h6 12. Bxf6 Nxf6 13. Qc2 Nh5 14. g3 Bh3 15. Rfe1 Rfd8 16. Rad1 Rxd1 17. Rxd1 Rd8 18. Nh4 Rxd1+ 19. Qxd1 Nf4 20. Bg4 Bxg4 21. Qxg4 h5 22. Qd1 Ne6 23. Ne2 Nd4 24. Kg2 Qe6 25. Qd3 Nxe2 26. Qxe2 Qd6 27. Nf3 Bh6 28. Qc2 1/2-1/2

[Event "Bergisch Gladbach-ch"]
[Site "Bergisch Gladbach"]
[Date "2006.09.22"]
[Round "5"]
[White "Kamphausen, Johannes Dieter"]
[Black "Lingenover, Jan"]
[Result "1-0"]
[WhiteElo "1808"]
[BlackElo "1538"]
[PlyCount "69"]
[EventDate "2006.08.25"]
[EventType "swiss"]
[EventRounds "7"]
[EventCountry "GER"]
[SourceTitle "EXT 2008"]
[Source "ChessBase"]
[SourceDate "2007.11.25"]
[SourceVersion "1"]
[SourceVersionDate "2007.11.25"]
[SourceQuality "1"]

1. e4 c5 2. Nf3 d6 3. d4 cxd4 4. Nxd4 Nf6 5. Nc3 a6 6. Bc4 e6 7. Bb3 b5 8. 0-0 Qc7 9. Re1 Be7 10. a3 0-0 11. Bg5 Re8 12. f4 Nc6 13. Nxc6 Qxc6 14. Kh1 Bb7 15. Qf3 Kh8 16. f5 exf5 17. Bxf7 fxe4 18. Bxe8 Rxe8 19. Nxe4 Qxc2 20. Bxf6 gxf6 21. Qe2 Qxe2 22. Rxe2 Bf8 23. Ng3 Rxe2 24. Nxe2 Be4 25. Nc3 Bc2 26. Rf1 Kg7 27. Rf2 Bd3 28. Nd5 f5 29. Nf4 Bc4 30. Nh5+ Kg6 31. Ng3 Bd3 32. Ne2 Bh6 33. Nf4+ Bxf4 34. Rxf4 Kf6 35. Rd4 1-0

[Event "Troisdorf op"]
[Site "Troisdorf"]
[Date "2005.11.15"]
[Round "4.14"]
[White "Schaad, Martin"]
[Black "Kamphausen, Johannes Dieter"]
[Result "1-0"]
[WhiteElo "1853"]
[BlackElo "1775"]
[PlyCount "67"]
[EventDate "2005.10.18"]
[EventType "swiss"]
[EventRounds "7"]
[EventCountry "GER"]
[SourceTitle "EXT 2006"]
[Source "ChessBase"]
[SourceDate "2005.11.24"]
[SourceVersion "1"]
[SourceVersionDate "2005.11.24"]
[SourceQuality "1"]

1. e4 e5 2. f4 exf4 3. Nf3 d5 4. exd5 Nf6 5. d4 Bb4+ 6. c3 Bd6 7. Bc4 0-0 8. 0-0 Bg4 9. Qb3 Nbd7 10. Qxb7 Nb6 11. Qa6 Bc8 12. Qb5 Rb8 13. Ne5 Bxe5 14. dxe5 Bd7 15. Qc5 Ne4 16. Qd4 Nxc4 17. Qxc4 Ng5 18. Qxf4 h6 19. c4 c6 20. Nc3 cxd5 21. cxd5 Bb5 22. Rf2 Ba6 23. Be3 Qa5 24. h4 Rb4 25. Qg3 Rxb2 26. Bxg5 Qb6 27. Be3 Qb4 28. Bxh6 g6 29. Rxb2 Qxb2 30. Rb1 Qa3 31. Bxf8 Kxf8 32. Qf3 Qc5+ 33. Kh2 Qd4 34. Rb8+ 1-0

[Event "Solingen op-A"]
[Site "Solingen"]
[Date "2005.05.26"]
[Round "1"]
[White "Kamphausen, Johannes Dieter"]
[Black "Rosskothen, Arnd"]
[Result "0-1"]
[WhiteElo "1806"]
[BlackElo "2184"]
[PlyCount "134"]
[EventDate "2005.05.26"]
[EventType "swiss"]
[EventRounds "7"]
[EventCountry "GER"]
[SourceTitle "EXT 2006"]
[Source "ChessBase"]
[SourceDate "2005.11.24"]
[SourceVersion "1"]
[SourceVersionDate "2005.11.24"]
[SourceQuality "1"]

1. e4 c5 2. c3 Nf6 3. e5 Nd5 4. d4 cxd4 5. Nf3 e6 6. cxd4 b6 7. Bd3 Bb7 8. 0-0 Be7 9. Nbd2 0-0 10. Ne4 h6 11. a3 d6 12. exd6 Bxd6 13. Nxd6 Qxd6 14. Bd2 Nc6 15. Rc1 Rad8 16. Qe2 Nf6 17. Bc3 Qd5 18. Rfd1 Rd6 19. b4 Rfd8 20. b5 Na5 21. Bxa5 bxa5 22. h3 Rc8 23. Rxc8+ Bxc8 24. Rc1 Bb7 25. Qc2 g5 26. Qc5 Qxc5 27. Rxc5 Bxf3 28. gxf3 Rxd4 29. Be2 Ra4 30. Rc7 Rxa3 31. Rxa7 Nd5 32. Ra6 Ra1+ 33. Kh2 a4 34. b6 Rb1 35. Rxa4 Rxb6 36. Kg3 Kg7 37. Rd4 Nf4 38. Bd1 Kf6 39. h4 Rb2 40. hxg5+ hxg5 41. Rc4 Rd2 42. Ba4 Nd3 43. Rc2 Rxc2 44. Bxc2 Nf4 45. Be4 Ke5 46. Bc6 f5 47. Kh2 Ne2 48. Kg2 Kf4 49. Ba8 Nd4 50. Bb7 Ke5 51. Ba6 Nc6 52. Bb7 Ne7 53. Ba6 Kf4 54. Bb5 Ng6 55. Bd7 Nh4+ 56. Kf1 e5 57. Bc6 Nxf3 58. Bd7 g4 59. Bc8 Nd4 60. Kg2 Kg5 61. Bb7 f4 62. Be4 f3+ 63. Kg3 Ne2+ 64. Kh2 Kf4 65. Bc6 e4 66. Bb5 e3 67. fxe3+ Kxe3 0-1

[Event "Leverkusen-ch op"]
[Site "Leverkusen"]
[Date "2005.04.18"]
[Round "9"]
[White "Vossen, Klaus"]
[Black "Kamphausen, Johannes Dieter"]
[Result "1/2-1/2"]
[WhiteElo "2270"]
[BlackElo "1846"]
[PlyCount "65"]
[EventDate "2005.01.10"]
[EventType "swiss"]
[EventRounds "9"]
[EventCountry "GER"]
[SourceTitle "EXT 2006"]
[Source "ChessBase"]
[SourceDate "2005.11.24"]
[SourceVersion "1"]
[SourceVersionDate "2005.11.24"]
[SourceQuality "1"]

1. d4 Nf6 2. Nf3 g6 3. c4 Bg7 4. Nc3 d6 5. e4 0-0 6. Be2 e5 7. 0-0 Nc6 8. d5 Ne7 9. Ne1 Ne8 10. Nd3 f5 11. f3 f4 12. Bd2 h5 13. b4 g5 14. Rc1 Ng6 15. c5 Rf7 16. Nf2 Bf8 17. cxd6 cxd6 18. a4 Nf6 19. h3 Rg7 20. a5 Nh4 21. Be1 g4 22. fxg4 hxg4 23. Bxg4 Nxg4 24. Nxg4 Bxg4 25. hxg4 Qg5 26. Bxh4 Qxh4 27. Nb5 a6 28. Nc7 Rc8 29. Ne6 Rxc1 30. Qxc1 Rh7 31. Qc8 Qh2+ 32. Kf2 Qg3+ 33. Kg1 1/2-1/2

[Event "Bergisch Gladbach-ch 25th"]
[Site "Bergisch Gladbach"]
[Date "2003.10.14"]
[Round "6.5"]
[White "Kamphausen, Johannes Dieter"]
[Black "Gutt, Oswald"]
[Result "0-1"]
[WhiteElo "1774"]
[BlackElo "1967"]
[PlyCount "64"]
[EventDate "2003.08.??"]
[EventType "swiss"]
[EventRounds "7"]
[EventCountry "GER"]
[SourceTitle "EXT 2005"]
[Source "ChessBase"]
[SourceDate "2004.11.15"]
[SourceVersion "1"]
[SourceVersionDate "2004.11.15"]
[SourceQuality "1"]

1. e4 e6 2. d3 d5 3. Nd2 c5 4. Ngf3 Nc6 5. g3 Nf6 6. Bg2 Be7 7. 0-0 0-0 8. e5 Nd7 9. Re1 Qc7 10. Qe2 b5 11. c3 a5 12. Nf1 Ba6 13. h4 b4 14. Bf4 bxc3 15. bxc3 Rab8 16. Rab1 a4 17. Ne3 Rxb1 18. Rxb1 Rb8 19. Rxb8+ Qxb8 20. Kh2 Qb1 21. c4 Nb4 22. cxd5 Bxd3 23. Qd2 Qxa2 24. dxe6 fxe6 25. Qxa2 Nxa2 26. Bh3 Kf7 27. Nd2 Nb6 28. Bf1 Bxf1 29. Nexf1 c4 30. Ne4 c3 31. Nd6+ Bxd6 32. exd6 c2 0-1

[Event "Bergisch Gladbach-ch 24th"]
[Site "Bergisch Gladbach"]
[Date "2002.09.06"]
[Round "2"]
[White "Bosbach, Manfred"]
[Black "Kamphausen, Johannes Dieter"]
[Result "1-0"]
[WhiteElo "1853"]
[BlackElo "1709"]
[PlyCount "69"]
[EventDate "2002.08.??"]
[EventType "swiss"]
[EventRounds "7"]
[EventCountry "GER"]
[SourceTitle "EXT 2005"]
[Source "ChessBase"]
[SourceDate "2004.11.15"]
[SourceVersion "1"]
[SourceVersionDate "2004.11.15"]
[SourceQuality "1"]

1. e4 c5 2. Nf3 d6 3. d4 cxd4 4. Nxd4 Nf6 5. Nc3 a6 6. Bg5 e6 7. f4 Be7 8. Qf3 Qc7 9. 0-0-0 Nbd7 10. g4 b5 11. Bxf6 Nxf6 12. g5 Nd7 13. h4 Bb7 14. f5 e5 15. Nb3 Nc5 16. Nxc5 Qxc5 17. f6 gxf6 18. gxf6 Bf8 19. Bh3 b4 20. Nd5 Rg8 21. Rhf1 Bc8 22. Bxc8 Rxc8 23. Rf2 Bh6+ 24. Kb1 Bf4 25. Nxf4 exf4 26. Qxf4 Qe5 27. Qd2 a5 28. Rf5 Qxe4 29. Rg5 Rxg5 30. hxg5 Kf8 31. Qxd6+ Kg8 32. Qd8+ Qe8 33. Qxa5 h6 34. gxh6 Qe2 35. Qg5+ 1-0